| 000 | 00802nam a2200253Ia 4500 | ||
|---|---|---|---|
| 003 | OSt | ||
| 005 | 20220926002633.0 | ||
| 006 | a|||||r|||| 00| 0 | ||
| 007 | ta | ||
| 008 | 220923b |||||||| |||| 00| 0 eng d | ||
| 037 | _cGeneral Book | ||
| 040 |
_aRTL _cRTL _beng |
||
| 041 |
_2eng _aeng |
||
| 082 | _aX:545.20k495.N68t4, L0 | ||
| 111 |
_aNational Council of Applied Economic Research (New Delhi) _9306191 |
||
| 245 | 0 | _aSurvey of India's export potential to twenty-six s | |
| 260 |
_a New Delhi _bNCAER _c1970 |
||
| 300 |
_a267p _ccm. |
||
| 490 | _aRegional Trade Study. Indian Export Surveys | ||
| 500 | _aBibliography: P 259-262; Appendixes: P 206-258 | ||
| 650 | _aExport | ||
| 942 |
_hX:545.20k495.N68t4, L0 _cGB _2CC |
||
| 999 |
_c605678 _d605678 |
||